000 01305nam0a22002891 4500
001 rc\618027
005 20250621184341.0
035 _a(NLR Aleph) 005861120
090 _a5879680
_c5879680
100 _a20031121d1986 |||y0rusy50 ca
101 0 _arus
102 _aRU
105 _ay |||||||||
200 1 _aОсновные типы месторождений и масштабы добычи гидроминерального сырья в капиталистических и развивающихся странах
_fС.С. Бондаренко, В.М. Попов, В.П. Стрепетов
210 _aМ.
_cВИЭМС
_d1986
215 _a43, [1] с.
_d20
225 1 _aЭкономика минерального сырья и геолого-разведочных работ
_eОбзор. информ.
_fВНИИ экономики минер. сырья и геол.-развед. работ
300 _aНа обл. авт. не указаны
320 _aБиблиогр.: с. 41-43 (74 назв.)
700 1 _aБондаренко
_bС.С.
_f1931-
_gСергей Сергеевич
701 1 _aПопов
_bВ.М.
701 1 _aСтрепетов
_bВ.П.
801 0 _aRU
_bNLR
_gpsbo
801 1 _aRU
_bELAR
_2rusmarc
852 _aNLR
_j86-4/12531
942 _cBOOK
980 _aNB